00414nam a2200157Ia 45000010006000000050017000060080041000230410008000640820025000721000036000972450085001332600009002183000013002276500008002406540008002482512820260414151129.0260414t1987||||xx |||||||||||||| ||spa|| aESP a346.2bC78 T. 2 1987 aCornejo Chávez, HéctoreAUT 0aDerecho familiar peruano :bsociedad paterno filial, amparo familiar del incapaz c1987 ac23 cm. aDER aCDE